000 00459nam a22001817a 4500
999 _c7560
_d7560
003 OSt
005 20211201171428.0
008 211201b ||||| |||| 00| 0 eng d
040 _cDDC
082 _a657 BYE na
100 _aByekwaso, Godfrey; Masereka, Paul
_915471
245 _aIntermediate Accounting.
250 _a1st.ed. Revised
260 _aKampala:
300 _aiv,359.;
_c28cm.
650 _aIntermediate Accounting.
_915472
942 _2ddc
_cBOOK